Farewell to an idea : episodes from a history of modernism
Αποθηκεύτηκε σε:
| Κύριος συγγραφέας: | |
|---|---|
| Μορφή: | Βιβλίο |
| Γλώσσα: | English |
| Δημοσίευση: |
Hew Haven :
Yale University Press,
c1999
|
| Θέματα: | |
| Ετικέτες: |
Προσθήκη ετικέτας
Δεν υπάρχουν, Καταχωρήστε ετικέτα πρώτοι!
|
MARC
| LEADER | 00000nam a2200000 i 4500 | ||
|---|---|---|---|
| 001 | 1/80281 | ||
| 008 | 080403s1999 eng d | ||
| 020 | |a 0-300-07532-4 (cloth: alk. paper) | ||
| 035 | |l 10096174 | ||
| 040 | |a GR-MY-UA |b gre |e aacr | ||
| 041 | 0 | |a eng | |
| 082 | 0 | |a 709.04 |2 (22) | |
| 100 | 1 | |a Clark, T. J. |q (Timothy J.) | |
| 245 | 1 | 0 | |a Farewell to an idea : |b episodes from a history of modernism / |c T. J. Clark |
| 260 | |a Hew Haven : |b Yale University Press, |c c1999 | ||
| 300 | |a vii, 451 σ.; |b εικ. (μερ. έγχρ.); |c 29 εκ. | ||
| 504 | |a Βιβλιογραφία: σ. 409-442. Ευρετήριο | ||
| 650 | 0 | 0 | |a Modernism (Art) |
| 852 | |a INST |b SYROS |e 20080403 |h 709.04 CLA |p 005500006197 |q 005500006197 |t BK |y 0 | ||
| 901 | |a BIBL5-2008-1 | ||
| 909 | |a Ε |b 139839 | ||
| 922 | |a 5ΕΛΗ |b 200710 |c ΕΠΕΑΕΚ2/ΤΜΣΠΣ |d ΠΑΠΑΣΩΤΗΡΙΟΥ | ||
| 970 | |a ΚΟΝΤΟΥ |b ΠΑΡΑΣΚΕΥΗ |z 2008/04/03 | ||